000 00660nam a2200265Ia 4500
008 160803s9999 xx 000 0 und d
020 _a978-0439837767
100 _aBenz, Derek
245 4 _aThe fall of the Templar /
245 _cDerek Benz & J.S. Lewis.
260 _aNew York :
260 _bScholastic Inc.
260 _c2008
300 _a291 pages ;
300 _c22 cm.
440 _aGrey Griffins Series :
440 _vbk. 3.
650 _aAnimals, Mythical --
650 _aFairies --
650 _aMagic --
650 _xJuvenile fiction.
650 _xJuvenile fiction.
650 _xJuvenile fiction.
700 _a850
999 _c298401
_d298401